000 00295nam a22001337a 4500
003 OSt
005 20160727222458.0
008 160705b xxu||||| |||| 00| 0 eng d
040 _cTEST
100 _92219
_a David, A., et al
245 _aAnimal World
300 _aAnimal World
942 _2ddc
_cBK
999 _c1907
_d1907